Conciencia y estructura
Salvato in:
| Autore principale: | |
|---|---|
| Natura: | Libro |
| Lingua: | spagnolo |
| Pubblicazione: |
Buenos Aires
Jorge Alvarez
1968
|
| Soggetti: | |
| Tags: |
Aggiungi Tag
Nessun Tag, puoi essere il primo ad aggiungerne!!
|
MARC
| LEADER | 00000nam a2200000 a 4500 | ||
|---|---|---|---|
| 001 | UCJ9892 | ||
| 003 | CL-VaPUC | ||
| 008 | 070413e19680000AG |||||||||||||||||spa|d | ||
| 082 | 0 | 4 | |a 868.9946 |b MAS |2 21 |
| 100 | |a Masotta, Oscar |e autor |9 519945 | ||
| 245 | 1 | 0 | |a Conciencia y estructura |
| 300 | |a 281 p | ||
| 942 | |c BK | ||
| 945 | |d 20070413 00:00:00 |a jtorresc | ||
| 260 | |a Buenos Aires |b Jorge Alvarez |c 1968 | ||
| 500 | |a Donación del Dr. Luis Gómez Macker | ||
| 650 | 0 | |a Crítica |9 373015 | |
| 650 | 0 | |a Discursos |9 265028 | |
| 650 | 0 | |a Ensayos |9 268724 | |
| 650 | 7 | |a CONFERENCIAS |2 CL-VaPUC |9 519946 | |
| 650 | 0 | |a Literatura |9 259151 | |
| 583 | |a last modification |c 20070413 00:00:00 |k Rodrigo Vera | ||
| 999 | |c 325235 |d 325233 | ||
| 952 | |0 0 |1 0 |4 0 |6 868_994600000000000_MAS_1968 |7 0 |8 A |9 405870 |a FDOPOS |b FDOPOS |d 2019-11-22 |i 4274628 |o 868.9946 MAS 1968 |p 4274628 |r 2025-01-22 |w 2019-11-22 |y BK |k MLA | ||